HUMAN RESOURCE MANAGEMENT (Record no. 7887)

MARC details
000 -LEADER
fixed length control field 00583nam a22002057a 4500
003 - CONTROL NUMBER IDENTIFIER
control field OSt
005 - DATE AND TIME OF LATEST TRANSACTION
control field 20220426111604.0
008 - FIXED-LENGTH DATA ELEMENTS--GENERAL INFORMATION
fixed length control field 220426b ||||| |||| 00| 0 eng d
020 ## - INTERNATIONAL STANDARD BOOK NUMBER
International Standard Book Number 9780077164126
040 ## - CATALOGING SOURCE
Transcribing agency DDC
082 ## - DEWEY DECIMAL CLASSIFICATION NUMBER
Classification number 658.3 HUM 2015
100 ## - MAIN ENTRY--PERSONAL NAME
Personal name NOE RAYMOND. A
9 (RLIN) 16025
245 ## - TITLE STATEMENT
Title HUMAN RESOURCE MANAGEMENT
Remainder of title GAINING A COMPETITIVE ADVANTAGE
250 ## - EDITION STATEMENT
Edition statement 9TH ED
260 ## - PUBLICATION, DISTRIBUTION, ETC. (IMPRINT)
Place of publication, distribution, etc. NEWYORK
Name of publisher, distributor, etc. MCGRAW HILL
Date of publication, distribution, etc. 2015
300 ## - PHYSICAL DESCRIPTION
Extent XLIV,787P.
Other physical details ILL COL
Dimensions 25CM
504 ## - BIBLIOGRAPHY, ETC. NOTE
Bibliography, etc INCLUDES GLOSSARY, APPENDIX AND INDEX
650 ## - SUBJECT ADDED ENTRY--TOPICAL TERM
Topical term or geographic name as entry element HUMAN RESOURCE MANAGEMENT
9 (RLIN) 5317
942 ## - ADDED ENTRY ELEMENTS (KOHA)
Source of classification or shelving scheme Dewey Decimal Classification
Koha item type Book
Holdings
Withdrawn status Lost status Source of classification or shelving scheme Damaged status Not for loan Home library Current library Date acquired Source of acquisition Inventory number Total Checkouts Full call number Barcode Date last seen Price effective from Koha item type
    Dewey Decimal Classification     Faculty of Management Science Library Faculty of Management Science Library 26/04/2022 Purchase 17/40172   658.3 HUM 2015 2022-0664 26/04/2022 26/04/2022 Book